| 000 | 01112cam a22003377a 4500 | ||
|---|---|---|---|
| 003 | CHAP | ||
| 005 | 20220329133251.0 | ||
| 008 | 971013s1991 r 00010 d | ||
| 010 | _a4109 | ||
| 011 | _a5081 | ||
| 035 | _a4287 | ||
| 040 | _cCHAP | ||
| 090 | _aFolleto 12948 | ||
| 100 | 0 | 0 |
_aFreidberg, Amnon. _943147 |
| 245 | 1 | 2 | _aA revision of Sepedonea, a neotropical genus of snail-killing flies (Diptera:Sciomyzidae) |
| 260 |
_aWashington, D. C. : _bSmithsonian Institution, _c1991 |
||
| 300 |
_a48 p. _b: ilus.; mapas |
||
| 490 | 0 |
_aSmithsonian contributions to zoology _v; 506 |
|
| 590 |
_aBATCH-UPD _b10 _c20130110 _lUCH01 _h1801 |
||
| 590 |
_aBATCH-UPD _b10 _c20130410 _lUCH01 _h1137 |
||
| 590 |
_aBATCH-UPD _b10 _c20130913 _lUCH01 _h1817 |
||
| 590 |
_aCONVERSION _b10 _c20130109 _lUCH01 _h1303 |
||
| 650 | 1 | 4 |
_aDÃpteros. _933715 |
| 650 | 1 | 4 |
_aSepedonea. _9104464 |
| 700 | 0 |
_aAbercrombie, Jay. _9211 |
|
| 700 | 0 |
_aKnutson, Lloyd. _963569 |
|
| 830 | 0 |
_aSmithsonian contributions to zoology _v; 506 _9107173 |
|
| 901 | _aBK | ||
| 942 | _cFOLL | ||
| 949 |
_aFolleto 12948 _bBC _cFOLL _d-13823 _eTS1 _i4287 _mD _si |
||
| 999 |
_c4109 _d4109 |
||